000 01006nam a22002777a 4500
003 dpl
005 20180710154436.0
008 180710b xxu||||| |||| 00| 0 eng d
010 _aB-073553
020 _c125.00
_a8171197582
035 _aB-073553, B-073557
037 _bCen Lib/Ret
040 _aDPL
_bHN
_c0
082 _a
_bसहाय
100 _aसहाय, दूर्वा
_976733
245 _aरफ़्तार /
_cदूर्वा सहाय
246 _aRaftaar /
_bby Doorva Sahaye
260 _aदिल्ली
_bराधाकृष्ण प्रकाशन
_c2002
270 _aजी-17 जगतपुरी
_bदिल्ली
_e110051
300 _a110पृ.
_c19सेमी (सजिल्द)
650 _a साहित्य--कथा
_942948
650 _aहिंदी--कहानियां
_92082
650 _a Literature--Fiction
_976734
650 _aHindi-- Fiction
_927248
942 _2ddc
_cHN
_h
_mसहाय
999 _c117772
_d117772